00789nam a2200181 i 4500001000400000245007900004260007000083300005600153501011200209505005000321650003600371710003000407020001500437040000800452041000800460008004100468856009800509bgj00aThe World Book Encyclopedia.nVol. 19,pT /cpublished by World Book, Inc. aChicago :bWorld Book - Childcraft International, Inc.,cc. 1980. a547 pp. :bill., maps, tables (some col.) ;c26 cm. aAn encyclopedia designed especially to meet the needs of elementary, junior high, and high school students. aIncludes Research Guide and Index in vol. 22. 9aEncyclopedies and |dictionariesp0aWorld Book, Inc.aChicago a0716600803 cBPK0 aeng s uk f |000 0 eng  uhttp://koha.tu.koszalin.pl/cgi-bin/koha/opac-detail.pl?biblionumber=41449yKatalog online BPK